Matabele land and the Victoria Falls, from the letters and journals of Frank Oates. (Record no. 119112)
[ view plain ]
| 000 -LEADER | |
|---|---|
| fixed length control field | 00989cam a2200289 4500 |
| 001 - CONTROL NUMBER | |
| control field | 1334115 |
| 003 - CONTROL NUMBER IDENTIFIER | |
| control field | ARRUPE |
| 005 - DATE AND TIME OF LATEST TRANSACTION | |
| control field | 20131205181905.0 |
| 008 - FIXED-LENGTH DATA ELEMENTS--GENERAL INFORMATION | |
| fixed length control field | 711207r19711881rh a 000 0 eng |
| 010 ## - LIBRARY OF CONGRESS CONTROL NUMBER | |
| LC control number | 78866034 |
| 015 ## - NATIONAL BIBLIOGRAPHY NUMBER | |
| National bibliography number | SANB*** |
| 040 ## - CATALOGING SOURCE | |
| Original cataloging agency | DLC |
| Transcribing agency | DLC |
| Modifying agency | DLC |
| 043 ## - GEOGRAPHIC AREA CODE | |
| Geographic area code | fs----- |
| 050 00 - LIBRARY OF CONGRESS CALL NUMBER | |
| Classification number | SPC DT732 |
| Item number | .O18 1971 |
| 082 00 - DEWEY DECIMAL CLASSIFICATION NUMBER | |
| Classification number | 916.8/04/4 |
| 300 ## - PHYSICAL DESCRIPTION | |
| Other physical details | illus. |
| Dimensions | 23 cm. |
| 100 1# - MAIN ENTRY--PERSONAL NAME | |
| Personal name | Oates, Frank. |
| 9 (RLIN) | 5242 |
| 245 10 - TITLE STATEMENT | |
| Title | Matabele land and the Victoria Falls, from the letters and journals of Frank Oates. |
| Statement of responsibility, etc | Edited by C. G. Oates. |
| 260 ## - PUBLICATION, DISTRIBUTION, ETC. (IMPRINT) | |
| Place of publication, distribution, etc | Salisbury, Rhodesia, |
| Name of publisher, distributor, etc | Pioneer Head, |
| Date of publication, distribution, etc | 1971. |
| 300 ## - PHYSICAL DESCRIPTION | |
| Extent | vliii, 383 p. |
| 490 0# - SERIES STATEMENT | |
| Series statement | Heritage series, v. 3 |
| 500 ## - GENERAL NOTE | |
| General note | Facsimile of the London ed., Kegan Paul & Co., 1881. |
| 650 #0 - SUBJECT ADDED ENTRY--TOPICAL TERM | |
| Topical term or geographic name as entry element | Natural history |
| Geographic subdivision | Africa, Southern. |
| 9 (RLIN) | 5243 |
| 651 #0 - SUBJECT ADDED ENTRY--GEOGRAPHIC NAME | |
| Geographic name | Africa, Southern |
| General subdivision | Description and travel. |
| 9 (RLIN) | 5244 |
| 700 1# - ADDED ENTRY--PERSONAL NAME | |
| Personal name | Oates, C. G. |
| Fuller form of name | (Charles George), |
| Relator term | ed. |
| 9 (RLIN) | 5245 |
| 906 ## - LOCAL DATA ELEMENT F, LDF (RLIN) | |
| a | 7 |
| b | cbc |
| c | orignew |
| d | 4 |
| e | ncip |
| f | 19 |
| g | y-gencatlg |
| 942 ## - ADDED ENTRY ELEMENTS (KOHA) | |
| Source of classification or shelving scheme | Library of Congress Classification |
| Koha item type | Monograph ( Printed materials) |
| Withdrawn status | Lost status | Source of classification or shelving scheme | Damaged status | Not for loan | Home library | Current library | Shelving location | Date acquired | Total Checkouts | Full call number | Barcode | Date last seen | Price effective from | Koha item type |
|---|---|---|---|---|---|---|---|---|---|---|---|---|---|---|
| Library of Congress Classification | ARRUPE LIBRARY | ARRUPE LIBRARY | Main Collection | 05/12/2013 | SPC DT732 .O18 1971 | 464123249 | 05/12/2013 | 05/12/2013 | Monograph ( Printed materials) |